000 00735nam a2200217 a 4500
001 000030175
005 20250924073803.0
008 110503s2009 dr abc 000 | spa d
020 _a9789945447163
040 _aDO-SdBNP
_bspa
_cBNPHU
082 _axxx
_bL782h
100 1 _aLitvinenko, Elena
_922880
245 1 0 _aHistoria del arte /
_cElena Litvinenko.
260 _aSanto Domingo :
_bEditora Universitaria,
_c2009.
300 _a264 p. :
_bil., mapas, retrs. ;
_c27 cm.
490 1 _aPublicaciones de la Universidad Autónoma de Santo Domingo
_v1430
490 1 _aArte y sociedad
_v44
830 _aPublicaciones de la Universidad Autónoma de Santo Domingo
_v1430
_952
830 0 _aArte y sociedad ;
_v44
_924375
049 _aBNPD
999 _c29667
_d29667